000 02627cam a2200265 4500500
005 20251228073624.0
041 _afre
042 _adc
100 1 0 _aVidaillet, Bénédicte
_eauthor
245 0 0 _aPour en finir avec la pensée psychanaloïde réactionnaire
260 _c2017.
500 _a24
520 _aLa pensée réactionnaire et sa réussite au plan politique comme médiatique ont prospéré à partir de représentations totalement erronées de la société. Que dire quand ces représentations sont alimentées par une certaine psychanalyse qui s’autorise à intervenir de manière extrêmement normative sur de nombreux sujets de société, participant ainsi de manière décisive à discréditer l’ensemble de la psychanalyse, embrigadée pour soutenir les postures les plus réactionnaires. Ce texte propose d’identifier ce qui fait le noyau de cette pensée psychanaloïde à prétention sociologique et de retracer de quelle manière elle se constitue progressivement comme soubassement d’une « expertise » erronée sur la société. En contre-point, il donne aussi l’occasion de réfléchir aux conditions auxquelles la psychanalyse pourrait s’articuler à la fois aux travaux et recherches en sciences humaines et sociales pour faire signifier et y articuler la clinique, et s’inscrire plus franchement dans les pensées critiques contemporaines.
520 _aTotally biassed representations of society have generated and promoted a reactionary discourse which prevails in the spheres of politics and of media. It is highly problematic when such a discourse stems from a normative would-be psychoanalysis which pretends to meddle with sociological issues. Besides, by upholding extremely reactionary opinions, it tends to blemish all psychoanalytical approaches. We mean to identify the kernel of this supposedly psychoanalytical discourses with sociological claims and to trace how it has gradually evolved into the basis of false expert sociological analyses. The paper offers an opportunity to consider under which circumstances psychoanalysis could join in and benefit from other fields of research in human and social sciences
690 _apsychanalyse
690 _aRéactionnaire
690 _asciences humaines et socia-les
690 _asociété
690 _ahuman and social sciences
690 _apsychoanalysis
690 _aReactionary
690 _asociety
786 0 _nSavoirs et clinique | 23 | 2 | 2017-09-19 | p. 65-76 | 1634-3298
856 4 1 _uhttps://shs.cairn.info/revue-savoirs-et-cliniques-2017-2-page-65?lang=fr&redirect-ssocas=7080
999 _c1595532
_d1595532